00893 2200301 4500001002100000005001700021008004100038020002200079035002500101040001200126082001600138084001800154100002300172245014600195250001100341260002300352300002300375500001100398504003100409650001300440650002400453700002500477700002300502850001200525990001800537990001800555990001800573INLIS00000000000573120150805095919.0  a978-602-9255-23-2 a0010-051500000000864 aYOPDYOG 223a297.261 a297.261 Qom K aQOMARUZZAMAN Awwab aKarena Allah selalu bersamamub: Banyak jalan menuju ridha-NYAc/ Qomaruzzaman Awwab; Penyunting, Moch. Isa Jatinegara dan Ayatullah Khomeiny aCet. 1 aBanbMizaniac2012 a178 hlm.c; 19 cm. aIndeks aBibliografi : hlm. 163-164 aMotivasi aIslam dan Humanisme aMOCH Isa Jati negara aAYATULLAH Khomeiny aYOPDYOG a13185-PD/B.15 a13186-PD/B.15 a13187-PD/B.15